Rynek maszyn rolniczych w Polsce
Salvato in:
| Natura: | Libro |
|---|---|
| Lingua: | polacco |
| Pubblicazione: |
Poznan
Wydawnictwo Akademii Ekonomicznej w Poznaniu
2000
|
| Serie: | Zeszyty naukowe
Seria 1. Zeszyt 274 |
| Soggetti: | |
| Tags: |
Nessun Tag, puoi essere il primo ad aggiungerne!!
|
MARC
| LEADER | 00000nam a2200000 4500 | ||
|---|---|---|---|
| 001 | c123181 | ||
| 005 | 20240223083735.7 | ||
| 020 | |a 83-87152-96-X | ||
| 022 | |a 0208-4902 | ||
| 041 | 0 | |a pol | |
| 044 | |a PL | ||
| 245 | 1 | 0 | |a Rynek maszyn rolniczych w Polsce |c Redaktor naukowy: Bogumila Sosnowska |
| 264 | 1 | |a Poznan |b Wydawnictwo Akademii Ekonomicznej w Poznaniu |c 2000 | |
| 300 | |a 117 s. | ||
| 490 | 1 | |a Zeszyty naukowe |v Seria 1. Zeszyt 274 | |
| 830 | 0 | |a Zeszyty naukowe |v Seria 1. Zeszyt 274 | |
| 610 | 2 | 0 | |a stroje poľnohospodárske |
| 610 | 2 | 0 | |a trh |
| 610 | 2 | 0 | |a výskum |
| 610 | 2 | 0 | |a dopyt |
| 610 | 2 | 0 | |a zásoby |
| 610 | 2 | 0 | |a rozhodovanie |
| 610 | 2 | 0 | |a nákup |
| 610 | 2 | 0 | |a Poľsko |